00357nam a2200133Ia 4500008004000000020001500040082001500055100004400070245003300114250000500147260004000152300001700192650001400209210210b1984 xxu||||| |||| 00| 0 eng d a0471892033 a575.1 GARP aGARDNER (Eldon J) and SUNSTAD (D Peter) aPrinciples of genetics. Ed 7 a aNew YorkbJohn Wiley and Sonsc1984 axii,580,I-22 aGenetics